| 000 | 00452nam a22001817a 4500 | ||
|---|---|---|---|
| 001 | 2821 | ||
| 003 | BD-DhBUF | ||
| 005 | 20251124151250.0 | ||
| 008 | 251124b bg ||||| |||| 00| 0 ben d | ||
| 040 |
_aBD-DhBUF _cBD-DhBUF |
||
| 100 |
_aMichaelides, Alex _94197 |
||
| 245 |
_aThe silent patient / _cAlex Michaelides, |
||
| 260 |
_aNew York : _bCeladon Book, |
||
| 300 |
_a278p. : _c22cm. ; |
||
| 526 | _aEnglish | ||
| 650 | _aEnglish | ||
| 942 |
_2ddc _cBK |
||
| 999 |
_c2821 _d2821 |
||